书目信息 |
| 题名: |
我国农村电商发展的理论与实践研究
|
|
| 作者: | 朱应雨 著 | |
| 分册: | ||
| 出版信息: | 长春 东北师范大学出版社 2018 |
|
| 页数: | 193页 | |
| 开本: | 26cm | |
| 丛书名: | ||
| 单 册: | ||
| 中图分类: | F724.6 | |
| 科图分类: | ||
| 主题词: | 农村--电子商务--研究--中国 | |
| 电子资源: | ||
| ISBN: | 978-7-5681-4052-2 | |
| 000 | 00999nam0 2200241 450 | |
| 001 | 012001001459 | |
| 005 | 20140921103355.0 | |
| 010 | @a978-7-5681-4052-2@dCNY45.00 | |
| 100 | @a20180612d2018 em y0chiy50 ea | |
| 101 | 0 | @achi |
| 102 | @aCN@b220000 | |
| 105 | @ay z 000yy | |
| 106 | @ar | |
| 200 | 1 | @a我国农村电商发展的理论与实践研究@9wo guo nong cun dian shang fa zhan de li lun yu shi jian yan jiu@e基于“精准扶贫”的重要思想@f朱应雨著 |
| 210 | @a长春@c东北师范大学出版社@d2018 | |
| 215 | @a193页@d26cm | |
| 300 | @a河南省高等学校青年骨干教师资助计划 | |
| 330 | @a本书从我国农村电商发展的实际情况出发,分析了农村电商在“精准扶贫”的重要思想指导下所面临的机遇与挑战,结合电子商务发展的相关理论,并从物流、营销、网站设计等多方面阐述了我国农村电商发展的趋势,为实现我国“精准扶贫”提供了新的对策。 | |
| 606 | 0 | @a农村@x电子商务@x研究@y中国 |
| 690 | @aF724.6@v5 | |
| 701 | 0 | @a朱应雨@9zhu ying yu@f(1980.9-)@4著 |
| 801 | 0 | @aCN@b上海新华@c20180901 |
| 905 | @b1156455-9@dF724.6@e106@f5 | |
| 我国农村电商发展的理论与实践研究:基于“精准扶贫”的重要思想/朱应雨著.-长春:东北师范大学出版社,2018 |
| 193页;26cm |
| 河南省高等学校青年骨干教师资助计划 |
| ISBN 978-7-5681-4052-2:CNY45.00 |
| 本书从我国农村电商发展的实际情况出发,分析了农村电商在“精准扶贫”的重要思想指导下所面临的机遇与挑战,结合电子商务发展的相关理论,并从物流、营销、网站设计等多方面阐述了我国农村电商发展的趋势,为实现我国“精准扶贫”提供了新的对策。 |
| ● |
| 相关链接 |
|
|
|
|
正题名:我国农村电商发展的理论与实践研究
索取号:F724.6/106
 
预约/预借
| 序号 | 登录号 | 条形码 | 馆藏地/架位号 | 状态 | 备注 |
| 1 | 1156455 | 211564555 | 第一样本阅览室/ [索取号:F724.6/106] | 在馆 | |
| 2 | 1156456 | 211564564 | 第一借阅区/ [索取号:F724.6/106] | 在馆 | |
| 3 | 1156457 | 211564573 | 第一借阅区/ [索取号:F724.6/106] | 在馆 | |
| 4 | 1156458 | 211564582 | 第一借阅区/ [索取号:F724.6/106] | 在馆 | |
| 5 | 1156459 | 211564591 | 密集书库-海洋学院/ [索取号:F724.6/106] | 在馆 |